000 00305nam a2200133Ia 4500
008 190216s9999||||xx |||||||||||||| ||und||
100 _aGupta S L And Kumar V
245 0 _aSolid State Physics
250 _a4th ed
260 _bK Nath & Co
_c1983
300 _a608 p
650 _aPhysics
942 _cBK
999 _c32909
_d32909